[Event "SVK-chT3B2 1819"]
[Site "Slovakia"]
[Date "2019.03.24"]
[Round "10.4"]
[White "Csollar, Tibor"]
[Black "Poruban, Lubomir"]
[Result "1/2-1/2"]
[WhiteElo "1737"]
[BlackElo "1701"]
[PlyCount "75"]
[EventDate "2018.10.21"]
[EventType "team-tourn"]
[EventRounds "11"]
[EventCountry "SVK"]
[SourceTitle "CBM 189 Extra"]
[Source "ChessBase"]
[SourceDate "2019.06.03"]
[SourceVersion "1"]
[SourceVersionDate "2019.06.03"]
[SourceQuality "1"]
[WhiteTeam "Chynorany"]
[BlackTeam "Nemsova Horne Srnie"]
[WhiteTeamCountry "SVK"]
[BlackTeamCountry "SVK"]

1. e4 Nf6 2. Nc3 d5 3. e5 d4 4. exf6 dxc3 5. bxc3 exf6 6. d4 Be7 7. Bd3 Nc6 8. Nf3 0-0 9. 0-0 Bg4 10. h3 Bh5 11. Be3 Re8 12. Be2 Bf8 13. g4 Bg6 14. Qd2 a6 15. c4 Kh8 16. c3 f5 17. g5 Bh5 18. Rae1 f6 19. Ne5 fxe5 20. Bxh5 g6 21. Bf3 f4 22. Bxf4 exf4 23. Qxf4 Qd7 24. Bg4 Qg7 25. c5 Rad8 26. h4 Re7 27. Kg2 Rde8 28. Re3 Rf7 29. Qg3 Rxe3 30. Qxe3 Re7 31. Qd3 Qf7 32. Qf3 Bg7 33. Qxf7 Rxf7 34. Re1 Re7 35. Rb1 Nd8 36. Kg3 Kg8 37. Rh1 h6 38. Bf3 1/2-1/2

[Event "SVK-chT3B2 1819"]
[Site "Slovakia"]
[Date "2019.01.27"]
[Round "6.4"]
[White "Csollar, Tibor"]
[Black "Kralik, Erik"]
[Result "0-1"]
[WhiteElo "1737"]
[BlackElo "1748"]
[PlyCount "52"]
[EventDate "2018.10.21"]
[EventType "team-tourn"]
[EventRounds "11"]
[EventCountry "SVK"]
[SourceTitle "CBM 189 Extra"]
[Source "ChessBase"]
[SourceDate "2019.06.03"]
[SourceVersion "1"]
[SourceVersionDate "2019.06.03"]
[SourceQuality "1"]
[WhiteTeam "Chynorany"]
[BlackTeam "Povazske Podhradie "]
[WhiteTeamCountry "SVK"]
[BlackTeamCountry "SVK"]

1. e4 e5 2. Nf3 d6 3. Bc4 Be7 4. Nc3 Nf6 5. h3 h6 6. d3 Nc6 7. a3 Bd7 8. Ne2 a6 9. c3 0-0 10. Ng3 Qe8 11. Be3 Na5 12. Ba2 Be6 13. b4 Nc6 14. Qd2 Kh7 15. Nh2 Ng8 16. Ng4 Bh4 17. d4 exd4 18. cxd4 Bxa2 19. Rxa2 Bxg3 20. fxg3 Qxe4 21. 0-0 Rfe8 22. Rf3 f5 23. Rf4 Qd5 24. Nf2 Rxe3 25. Qxe3 Qxa2 26. Rxf5 Qb1+ 0-1

[Event "SVK-chT3B2 1819"]
[Site "Slovakia"]
[Date "2019.01.13"]
[Round "5.5"]
[White "Csollar, Tibor"]
[Black "Mikus, Peter"]
[Result "1-0"]
[WhiteElo "1737"]
[BlackElo "1702"]
[PlyCount "91"]
[EventDate "2018.10.21"]
[EventType "team-tourn"]
[EventRounds "11"]
[EventCountry "SVK"]
[SourceTitle "CBM 189 Extra"]
[Source "ChessBase"]
[SourceDate "2019.06.03"]
[SourceVersion "1"]
[SourceVersionDate "2019.06.03"]
[SourceQuality "1"]
[WhiteTeam "Chynorany"]
[BlackTeam "Trencin "]
[WhiteTeamCountry "SVK"]
[BlackTeamCountry "SVK"]

1. e4 e6 2. d4 d5 3. e5 c5 4. c3 Nc6 5. Nf3 Qb6 6. b3 cxd4 7. cxd4 Nge7 8. a3 Nf5 9. Be3 Be7 10. Be2 f6 11. Qd3 fxe5 12. Nxe5 Nxe5 13. dxe5 Nxe3 14. Qxe3 Qxe3 15. fxe3 0-0 16. Bg4 Bd7 17. Nc3 Rad8 18. Rf1 Bc5 19. Rxf8+ Kxf8 20. Ke2 Ke7 21. b4 Bb6 22. Rc1 d4 23. Nd1 Bb5+ 24. Kf2 dxe3+ 25. Ke1 Rd2 26. Bf3 Ra2 27. Nc3 Bc4 28. Nxa2 Bxa2 29. Bxb7 Bd4 30. Rc7+ Kd8 31. Rxg7 Bc4 32. Bf3 Bxe5 33. Rxh7 Bc3+ 34. Kd1 Bd4 35. Be2 Bb3+ 36. Kc1 e5 37. g4 Bd5 38. h4 Be4 39. Rf7 Ke8 40. Rf1 Bc3 41. h5 Bd2+ 42. Kb2 Bg2 43. Rf5 e4 44. g5 Bf3 45. h6 Bxe2 46. h7 1-0

[Event "SVK-chT3B2 1819"]
[Site "Slovakia"]
[Date "2018.11.11"]
[Round "2.5"]
[White "Csollar, Tibor"]
[Black "Tomko, Michal"]
[Result "0-1"]
[WhiteElo "1737"]
[BlackElo "1751"]
[PlyCount "102"]
[EventDate "2018.10.21"]
[EventType "team-tourn"]
[EventRounds "11"]
[EventCountry "SVK"]
[SourceTitle "CBM 189 Extra"]
[Source "ChessBase"]
[SourceDate "2019.06.03"]
[SourceVersion "1"]
[SourceVersionDate "2019.06.03"]
[SourceQuality "1"]
[WhiteTeam "Chynorany"]
[BlackTeam "Dubnica nad Vahom  III"]
[WhiteTeamCountry "SVK"]
[BlackTeamCountry "SVK"]

1. e4 d5 2. exd5 Qxd5 3. Nc3 Qa5 4. a3 c6 5. d4 Bf5 6. Bd3 Bxd3 7. Qxd3 e6 8. Bf4 Nf6 9. Nf3 Nbd7 10. 0-0 0-0-0 11. h3 h6 12. b4 Qf5 13. Qxf5 exf5 14. Ne5 Nxe5 15. dxe5 Nd5 16. Nxd5 Rxd5 17. Rfd1 Rxd1+ 18. Rxd1 Be7 19. Be3 Kc7 20. c4 a6 21. g3 b5 22. c5 Rd8 23. Rd4 Rxd4 24. Bxd4 g6 25. Kg2 Kd7 26. f4 h5 27. Kf3 Ke6 28. Ke3 g5 29. Kd3 gxf4 30. gxf4 Bh4 31. Be3 Kd5 32. Bd2 Bf2 33. Bc3 Bh4 34. Bd4 Bg3 35. Be3 Be1 36. Bc1 a5 37. bxa5 Bxa5 38. Be3 Be1 39. Bd4 Bh4 40. Bc3 Be7 41. Bb2 Bxc5 42. Bc1 Bd4 43. Ke2 Ke4 44. Bd2 Bb2 45. Bb4 Bc1 46. Bd6 Bxf4 47. Bc5 Bxe5 48. Bg1 Bd4 49. Bh2 f4 50. h4 c5 51. a4 bxa4 0-1

[Event "SVK-chT3B2 1718"]
[Site "Slovakia"]
[Date "2018.01.07"]
[Round "7.5"]
[White "Kutny, Marian1111"]
[Black "Csollar, Tibor"]
[Result "0-1"]
[WhiteElo "1529"]
[BlackElo "1671"]
[PlyCount "66"]
[EventDate "2017.10.08"]
[EventType "team-tourn"]
[EventRounds "11"]
[EventCountry "SVK"]
[SourceTitle "EXT 2019"]
[Source "ChessBase"]
[SourceDate "2018.10.10"]
[SourceVersion "1"]
[SourceVersionDate "2018.10.10"]
[SourceQuality "1"]
[WhiteTeam "Belusa"]
[BlackTeam "Chynorany"]
[WhiteTeamCountry "SVK"]
[BlackTeamCountry "SVK"]

1. e4 d6 2. Bc4 e6 3. d3 Nc6 4. Nf3 h6 5. a3 Nf6 6. Bf4 Bd7 7. 0-0 g5 8. Bg3 Bg7 9. Nc3 a6 10. h3 Ne7 11. e5 dxe5 12. Bxe5 Ng6 13. Re1 0-0 14. Nh2 Bc6 15. Bxf6 Qxf6 16. Ng4 Qd4 17. Ne3 Rad8 18. Rb1 b5 19. Ne2 Qb6 20. Bb3 Nh4 21. Ng3 Qb7 22. Qg4 Bxg2 23. Ne4 Bf3 24. Qg3 Bxe4 25. dxe4 Qxe4 26. Ng4 Nf3+ 27. Kf1 Nxe1 28. Rxe1 Qb7 29. h4 Rd2 30. Kg1 Rfd8 31. Ne3 gxh4 32. Qxh4 Qf3 33. Ng4 Rd1 0-1

[Event "SVK-chT3B2 1718"]
[Site "Slovakia"]
[Date "2017.10.22"]
[Round "2.5"]
[White "Csollar, Tibor"]
[Black "Sunal, Jan"]
[Result "0-1"]
[WhiteElo "1671"]
[BlackElo "1707"]
[PlyCount "120"]
[EventDate "2017.10.08"]
[EventType "team-tourn"]
[EventRounds "11"]
[EventCountry "SVK"]
[SourceTitle "EXT 2019"]
[Source "ChessBase"]
[SourceDate "2018.10.10"]
[SourceVersion "1"]
[SourceVersionDate "2018.10.10"]
[SourceQuality "1"]
[WhiteTeam "Chynorany"]
[BlackTeam "Bojnice"]
[WhiteTeamCountry "SVK"]
[BlackTeamCountry "SVK"]

1. e4 e5 2. Nf3 Nc6 3. Bc4 Be7 4. 0-0 Nf6 5. d3 0-0 6. Nc3 d6 7. h3 Na5 8. Bb3 Nxb3 9. axb3 h6 10. Be3 a6 11. Qd2 Kh7 12. b4 Bd7 13. Ne2 Nh5 14. g4 Nf6 15. Ng3 Ng8 16. d4 Bf6 17. d5 Bh4 18. Kg2 Bxg3 19. fxg3 Qc8 20. Qd3 Nf6 21. Rh1 Kg8 22. g5 hxg5 23. Nxg5 c6 24. c4 Nh7 25. h4 f6 26. Nxh7 Kxh7 27. h5 f5 28. h6 g6 29. Raf1 a5 30. Bd2 axb4 31. Bxb4 c5 32. Bc3 Qe8 33. Ra1 Rxa1 34. Rxa1 Qf7 35. Bd2 fxe4 36. Qf1 Bf5 37. Kh2 Qf6 38. Qc1 Bg4 39. Be3 Bf3 40. Qf1 Qf5 41. Qh3 Bg4 42. Qh4 Rf7 43. Re1 b6 44. b3 Ra7 45. Ra1 Rf7 46. Re1 Qd7 47. Bg1 Rf5 48. Kg2 Rh5 49. Qf6 Bf3+ 50. Kf1 Rf5 51. Qg7+ Qxg7 52. hxg7 Kxg7 53. Bf2 Rh5 54. Ra1 Rh8 55. Ra7+ Kf6 56. Rd7 Rh1+ 57. Bg1 e3 58. Rxd6+ Kf7 59. Re6 e2+ 60. Kf2 Rxg1 0-1

[Event "SVK-chT3B2 1516"]
[Site "Slovakia"]
[Date "2016.03.06"]
[Round "9.8"]
[White "Csollar, Tibor"]
[Black "Dubnicka, Ferdinand"]
[Result "0-1"]
[WhiteElo "1000"]
[BlackElo "1512"]
[PlyCount "78"]
[EventDate "2015.10.11"]
[EventType "team-tourn"]
[EventRounds "11"]
[EventCountry "SVK"]
[SourceTitle "EXT 2017"]
[Source "ChessBase"]
[SourceDate "2016.10.25"]
[SourceVersion "1"]
[SourceVersionDate "2016.10.25"]
[SourceQuality "1"]
[WhiteTeam "Chynorany"]
[BlackTeam "Dubnica nad Vahom III"]
[WhiteTeamCountry "SVK"]
[BlackTeamCountry "SVK"]

1. e4 e5 2. Nc3 Nf6 3. Bc4 Nc6 4. f4 d6 5. f5 a6 6. a3 Nd4 7. Nf3 h6 8. d3 b5 9. Ba2 Bb7 10. Be3 c5 11. h3 Rc8 12. 0-0 Be7 13. Ne2 Nh7 14. c3 Nxf3+ 15. Rxf3 Ng5 16. Rg3 Bf6 17. Qd2 d5 18. Qc2 dxe4 19. Bxg5 Bxg5 20. dxe4 c4 21. b3 0-0 22. bxc4 bxc4 23. Rb1 Rc7 24. Rb4 Qa8 25. Rg4 Rfc8 26. Kh1 Qa7 27. a4 Qe3 28. Rb2 Ba8 29. h4 Bf4 30. Bb1 h5 31. Rxf4 exf4 32. Ng1 Re7 33. Qe2 Bxe4 34. Qxe3 fxe3 35. Ne2 Bd3 36. g3 Ree8 37. Kg2 Rb8 38. Bxd3 cxd3 39. Rxb8 Rxb8 0-1